| 000 | 00590nam a22001817a 4500 | ||
|---|---|---|---|
| 999 |
_c11613 _d11613 |
||
| 003 | AR-CdUCM | ||
| 008 | 190404b ||||| |||| 00| 0 spa d | ||
| 040 |
_aMUNICIPALIDAD PROVINCIAL DEL CUSCO _cBIBLIOTECA MUNICIPAL DEL CUSCO |
||
| 082 |
_a891.709 / _bP67 /1938 |
||
| 100 |
_aPlisnier, Charles _929067 |
||
| 245 | _aFalsos pasaportes / | ||
| 260 |
_aChile : _bZig-Zag, _c1938. |
||
| 300 |
_a353 páginas ; _c18 cm. |
||
| 505 | _aContenido :Advertencia -- recuerdos de un agitador --Maurer -- Ditka -- Carlota... | ||
| 650 |
_aObra literaria. _9308 |
||
| 942 |
_2ddc _cLIBROS |
||
| 945 | _awfj | ||